Statistics for Most Beautiful Capital Cities In The World

Click here to take the quiz!

General Stats

  • This quiz has been taken 52 times
  • The average score is 7 of 10

Answer Stats

Answer% Correct
London
92%
Paris
92%
Rome
90%
Washington D.C.
79%
Tokyo
77%
Moscow
69%
Berlin
63%
Budapest
50%
Ottawa
48%
Islamabad
10%

Score Distribution

Percentile by Number Answered

Percent of People with Each Score

Your Score History

You have not taken this quiz